Vendedores ambulantes : discursos expresados como arte de la cotidianidad /
שמור ב:
| מחבר ראשי: | |
|---|---|
| מחברים אחרים: | , |
| פורמט: | ספר |
| שפה: | Spanish |
| יצא לאור: |
[Bogotá] :
Alcaldía Mayor de Bogotá D.C.,
2001.
|
| מהדורה: | 1. edición |
| נושאים: | |
| תגים: |
הוספת תג
אין תגיות, היה/י הראשונ/ה לתייג את הרשומה!
|
MARC
| LEADER | 00000cam a22000004a 4500 | ||
|---|---|---|---|
| 001 | 12466266 | ||
| 005 | 20140709060648.0 | ||
| 008 | 010711s2001 ck a b 000 0 spa | ||
| 020 | |a 9588109299 | ||
| 040 | |a DLC |c DLC |d cru CIICLA Universidad de Costa Rica | ||
| 082 | |a 305.56 |b C261v | ||
| 100 | 1 | |a Carantón Carantón, Martha Rocio. | |
| 245 | 1 | 0 | |a Vendedores ambulantes : |b discursos expresados como arte de la cotidianidad / |c Martha Rocio Carantón Carantón, Carolina Motta Manrique, Jenny Zoraida Santoyo Angulo. |
| 246 | 3 | 0 | |a Discursos expresados como arte de la cotidianidad |
| 250 | |a 1. edición | ||
| 260 | |a [Bogotá] : |b Alcaldía Mayor de Bogotá D.C., |c 2001. | ||
| 300 | |a 100 páginas |b ilustraciones | ||
| 504 | |a Incluye referencias bibliográficas (p. 69-70). | ||
| 650 | 1 | 7 | |a VENDEDORES AMBULANTES |z BOGOTA (COLOMBIA) |
| 700 | 1 | |a Motta Manrique, Carolina. | |
| 700 | 1 | |a Santoyo Angulo, Jenny Zoraida. | |
| 942 | |2 ddc |c BK | ||
| 999 | |c 3363 |d 3363 | ||



